Science Quiz

Random Science or Blitz Quiz

15 Seconds: Planets Quiz Stats

 Plays Quiz Updated Apr 23, 2019

Score 0/8 Timer 00:15
24 Plays Today
Planets % Correct
Earth
94.5%
Mars
93.1%
Venus
87.8%
Mercury
84.4%
Jupiter
81.2%
Saturn
77.3%
Uranus
66.9%
Neptune
64.3%

You're not logged in!

Compare scores with friends on all Sporcle quizzes.
OR
Log In

Sporcle TV

Today on Sporcle TV


Watch our educational content, quiz creation guides, and fun videos on Sporcle TV.

Show Comments

Extras

Top Quizzes Today


Score Distribution

Your Account Isn't Verified!

In order to create a playlist on Sporcle, you need to verify the email address you used during registration. Go to your Sporcle Settings to finish the process.

Report this User

Report this user for behavior that violates our Community Guidelines.

Details: